LEADER 00761nam2 22002291i 450 001 990007818060403321 035 $a000781806 035 $aFED01000781806 035 $a(Aleph)000781806FED01 035 $a000781806 100 $a20030801d--------km-y0itay50------ba 200 1 $aContratto immobiliare con effettitraslativi o costitutivi e contrattodefinitivo dopo la novella del 1997 v.3pp.44-64 463 0$1001000777920 610 0 $a 701 1$aBarbiera,$bLelio$f<1930- >$034473 801 0$aIT$bUNINA$gRICA$2UNIMARC 901 $aBK 912 $a990007818060403321 959 $aDDCP 996 $aContratto immobiliare con effettitraslativi o costitutivi e contrattodefinitivo dopo la novella del 1997 v.3pp.44-64$9664537 997 $aUNINA DB $aGEN01 LEADER 01550nam0-2200445---450- 001 990000979740203316 005 20050719113608.0 010 $a88-16-40347-0$bJaca book 035 $a0097974 035 $aUSA010097974 035 $a(ALEPH)000097974USA01 035 $a0097974 100 $a20020225d1994----km-y0ITAy01------ba 101 $aita 102 $aIT 105 $a00||| 200 1 $aHuangdi Neijing Suwen$ele domande semplici dell'Imperatore Giallo$ei primi 11 capitoli$fa cura di Elisabeth Rochat de la Vallee e Claude Larre$gIstituto Ricci 205 $a1. rist 210 $aMilano$cJaca book$dc1994 215 $a406 p.$d23 cm 225 2 $aDi fronte e attraverso$v347. 300 $aTrad. dal francese (tit.: Su Wen: les 11 premiers traites), di vari 410 0$12001$aDi fronte e attraverso$v347. 500 11$aHuang-ti nei ching su wen$m$955542 676 $a610.951$v21 702 1$aROCHAT DE LA VALLE,$bElisabeth 702 1$aLARRE,$bClaude 702 0$aHUANG-TI$c 801 0$aIT$bsalbc$gISBD 900 0$aHuang-ti$c$zHuang-ti 912 $a990000979740203316 951 $aII.6. 882(XV B COLL. 15/347)$b124387 LM$cXV B COLL. 959 $aBK 969 $aUMA 979 $aPATTY$b90$c20020225$lUSA01$h0857 979 $c20020403$lUSA01$h1740 979 $aPATRY$b90$c20040406$lUSA01$h1708 979 $aCOPAT6$b90$c20050719$lUSA01$h1136 996 $aHuang-ti nei ching su wen$955542 997 $aUNISA